[Event "It"]
[Site "masterchessopen.com Dresden (Germany)"]
[Round "4"]
[White "Andersen Borge (DEN)"]
[Black "Trajkovic Dusan (SRB)"]
[Result "0-1"]
[WhiteElo "2385"]
[BlackElo "2243"]

1.d4 Nf6 2.c4 g6 3.Nc3 Bg7 4.e4 d6 5.f3 O-O 6.Be3 e5 7.Nge2 c6 8.Qd2 Nbd7 9.d5
cxd5 10.cxd5 Nb6 11.b3 Ne8 12.O-O-O Bd7 13.Kb2 Rc8 14.h4 Nc7 15.g4 Na6 16.Bh6
Qe7 17.Bxg7 Kxg7 18.Ng3 Nc5 19.g5 Rc7 20.Nb5 Bxb5 21.Bxb5 Rfc8 22.Rc1 a6
23.Be2 Nbd7 24.Rhd1 b5 25.Bf1 Nb7 26.Rxc7 Rxc7 27.Bh3 Nbc5 28.h5 Nf8 29.Nf1 f6
30.hxg6 hxg6 31.Ne3 fxg5 32.Ng4 Nh7 33.Rh1 Qf8 34.Bg2 Qf4 35.Qe2 Nf6 36.Ne3
Nh5 37.Rd1 Qf8 38.Qd2 Nf4 39.Bf1 Rc8 40.Rc1 Qd8 41.Kb1 Qd7 42.Qc3 b4 43.Qd2 a5
44.Nc4 Qc7 45.Rc2 Re8 46.Qc1 Rc8 47.Nb2 Kf6 48.Na4 Qa7 49.Qe3 Rc7 50.Nxc5 Rxc5
51.Qg1 Qc7 52.Bc4 a4 53.Qh1 Kg7 54.Rh2 Nh5 55.Qg1 axb3 56.axb3 Ra5 57.Rc2 Qd8
58.Ra2 Rxa2 59.Kxa2 Qa5+ 60.Kb2 Kf6 61.Qg4 Qd8 62.Qg1 Qc7 63.Qa1 Qb6 64.Qa8
Kg7 65.Qc6 Qf2+ 66.Ka1 Qxf3 67.Qxd6 g4 68.Qxe5+ Kh6 69.d6 g3 70.Qh8+ Kg5
71.Qe5+ Kh4 72.Qe7+ g5 {#R} 0-1

[Event "It (b)"]
[Site "masterchessopen.com Zittau (Germany)"]
[Date "1956.12.26"]
[Round "1"]
[White "Mueller Rolf (GER)"]
[Black "Kollberg Lothar (GER)"]
[Result "1-0"]
[WhiteElo "1792"]
[BlackElo "2237"]

1.d4 Nf6 2.c4 g6 3.Nc3 Bg7 4.e4 d6 5.f3 O-O 6.Be3 e5 7.Nge2 c6 8.Qd2 Nbd7 9.d5
cxd5 10.Nxd5 Nxd5 11.cxd5 f5 12.exf5 gxf5 13.Bg5 Qe8 14.Nc3 a6 15.Be2 Kh8
16.O-O-O Nc5 17.Bh6 Rg8 18.g4 fxg4 19.fxg4 Bd7 20.Bxg7+ Rxg7 21.Kb1 Bxg4
22.Rhg1 Bf5+ 23.Ka1 Qg8 24.Qe3 Rf8 25.Rxg7 Qxg7 26.Rg1 Qf7 27.Rf1 Qe8 28.Qh6
Nd7 29.Qxd6 Rf6 30.Qb4 e4 31.Qd4 Kg8 32.Bg4 Qg6 33.Bxf5 Rxf5 34.Rxf5 Qxf5
35.Qxe4 Qf1+ 36.Nb1 Qf8 37.Qe6+ Qf7 38.Qg4+ Kh8 39.Qg5 Qf8 40.Qh5 Kg7 41.Qg4+
{#r} 1-0

[Event "Olympiad"]
[Site "masterchessopen.com Munich (Germany)"]
[Round "11"]
[White "Milev Zdravko (BUL)"]
[Black "Fuchs Reinhard (GER)"]
[Result "0-1"]
[WhiteElo "2230"]
[BlackElo "2389"]

1.d4 Nf6 2.c4 g6 3.Nc3 Bg7 4.e4 d6 5.f3 O-O 6.Be3 e5 7.Nge2 c6 8.Qd2 Nbd7 9.d5
cxd5 10.cxd5 Nb6 11.b3 Nh5 12.g3 f5 13.Bg2 Nd7 14.Nb5 Ndf6 15.exf5 gxf5 16.Rc1
Rf7 17.Nxa7 Bd7 18.a4 f4 19.Bf2 e4 20.gxf4 exf3 21.Bxf3 Bg4 22.Qd3 Bxf3
23.Qxf3 Qa5+ 24.Kf1 Rxa7 25.Bxa7 Qxa7 26.Rg1 Re7 27.Rg5 Qe3 28.Qxe3 Rxe3
29.Nd4 h6 30.Rc8+ Kh7 31.Rg2 Nxd5 32.Nf5 Rf3+ 33.Ke2 Rxb3 34.Rg1 Nhxf4+ 35.Kd2
Rb2+ 36.Rc2 Rxc2+ 37.Kxc2 Be5 38.h4 Nb4+ 39.Kb3 Nc6 40.Rd1 Ne6 41.h5 Ned4+
42.Nxd4 Bxd4 43.Kc4 Bc5 44.Rg1 b6 45.Kb5 Ne5 46.Rd1 Kg7 47.Rd2 Nf7 48.a5 bxa5
49.Kxa5 {#R} 0-1

[Event "Ch Czechoslovakia (Army)"]
[Site "masterchessopen.com Prague (Czech Republic)"]
[Round "8"]
[White "Sorsak Jozef Sr (SVK)"]
[Black "Seifert Milan (CZE)"]
[Result "0-1"]
[WhiteElo "2125"]
[BlackElo "2145"]

1.d4 Nf6 2.c4 g6 3.Nc3 Bg7 4.e4 O-O 5.f3 d6 6.Be3 e5 7.Nge2 c6 8.Qd2 Nbd7 9.d5
cxd5 10.cxd5 Nb6 11.Nc1 Bd7 12.Bd3 Rc8 13.g4 a6 14.Bh6 Nc4 15.Bxc4 Rxc4
16.Bxg7 Kxg7 17.N1e2 b5 18.Nd1 Bxg4 19.fxg4 Nxe4 20.Qe3 Qh4+ 21.Nf2 Nxf2
22.Qxf2 Qxg4 23.Rg1 Qe4 24.Qg2 Qe3 25.Qg5 Qc5 26.Rd1 f6 27.Qg3 Qb4+ 28.Kf2
Qxb2 29.Rb1 Qc2 30.Rgc1 Qf5+ 31.Ke1 Rfc8 32.Qa3 Qe4 33.Qxd6 Rxc1+ {#R} 0-1

[Event "It"]
[Site "masterchessopen.com Polanica Zdroj (Poland)"]
[Round "12"]
[White "Holm Sejer (DEN)"]
[Black "Zuckerman Bernard (USA)"]
[Result "1-0"]
[WhiteElo "2395"]
[BlackElo "2460"]

1.d4 Nf6 2.c4 g6 3.Nc3 Bg7 4.e4 d6 5.f3 e5 6.Nge2 c6 7.Be3 O-O 8.Qd2 Nbd7 9.d5
cxd5 10.Nxd5 Nxd5 11.Qxd5 Nb6 12.Qb5 Be6 13.Nc3 Bh6 14.Bf2 Qg5 15.Rd1 Rfc8
16.b3 Nd7 17.h4 Qd8 18.h5 a6 19.Qb4 Bf8 20.Nd5 Bxd5 21.exd5 b6 22.hxg6 hxg6
23.Qd2 Bg7 24.Be3 e4 25.f4 b5 26.Kf2 Nf6 27.Be2 bxc4 28.bxc4 Rab8 29.Rb1 Ng4+
30.Bxg4 Rxb1 31.Rxb1 Qh4+ 32.Kg1 Qxg4 33.Qc2 Qf5 34.Qa4 Qf6 35.Qxa6 Rf8 36.Qa3
Rc8 37.Qa6 Rf8 38.Rc1 Qb2 39.Qxd6 Bd4 40.Bxd4 Qxd4+ 41.Kh2 Qf2 42.Qf6 Qd2
43.Rc3 e3 44.Qe5 e2 45.Re3 Qxa2 46.c5 Qc4 47.d6 Rc8 48.Rh3 Qxf4+ 49.Qxf4 e1=Q
50.Qf6 {#r} 1-0

[Event "It (b)"]
[Site "masterchessopen.com Wijk aan Zee (Netherlands)"]
[Round "0"]
[White "Dieks Roy G (NED)"]
[Black "Sigurjonsson Gudmundur (ISL)"]
[Result "0-1"]
[WhiteElo "2305"]
[BlackElo "2475"]

1.c4 g6 2.e4 Bg7 3.d4 d6 4.Nc3 Nf6 5.f3 O-O 6.Be3 e5 7.Nge2 c6 8.Qd2 Nbd7 9.d5
cxd5 10.cxd5 a6 11.Nc1 Nh5 12.Nd3 f5 13.exf5 gxf5 14.Be2 Ndf6 15.O-O Qe8 16.a4
Kh8 17.a5 Rg8 18.Rfe1 Qg6 19.Bf1 Bd7 20.Nf2 Rac8 21.Rac1 Bf8 22.b4 Rc4 23.Nd3
Rh4 24.Bf2 Rh3 25.Qe2 Qh6 26.Nxe5 dxe5 27.Qxe5 Rxf3 28.Be2 Bd6 29.Qxd6 Rxf2
30.Bf1 Nf4 31.Qe5 Rfxg2+ 32.Bxg2 Rxg2+ 33.Kf1 Rxh2 34.Qb8+ Kg7 35.Re7+ Kg6
36.Rxd7 Qh3+ 37.Ke1 Qe3+ {#R} 0-1

[Event "It"]
[Site "masterchessopen.com Virovitica (Croatia)"]
[Round "2"]
[White "Piasetski Leon (CAN)"]
[Black "Nemet Ivan (SUI)"]
[Result "1-0"]
[WhiteElo "2305"]
[BlackElo "2455"]

1.c4 Nf6 2.Nc3 g6 3.e4 d6 4.d4 Bg7 5.f3 O-O 6.Be3 e5 7.Nge2 c6 8.Qd2 Nbd7 9.d5
cxd5 10.cxd5 a6 11.a4 Nh5 12.Nc1 f5 13.Bd3 Nf4 14.a5 Nc5 15.Bc2 fxe4 16.Nxe4
Nxe4 17.Bxe4 Bf5 18.O-O Bxe4 19.fxe4 Rc8 20.Nd3 Rc4 21.Bxf4 exf4 22.Rxf4 Rxf4
23.Qxf4 Rd4 24.Qf3 Qh4 25.Rc1 h5 26.Rc7 Qf6 27.Nf4 Rb4 28.Ne6 Qxf3 29.Rxg7+
{#r} 1-0

[Event "It (open) \"]
[Site "masterchessopen.com New York (USA)"]
[Round "9"]
[White "Kaufman Larry C (USA)"]
[Black "Biyiasas Peter (USA)"]
[Result "1-0"]
[WhiteElo "2406"]
[BlackElo "2485"]

1.d4 Nf6 2.c4 g6 3.Nc3 Bg7 4.e4 d6 5.f3 O-O 6.Be3 e5 7.Nge2 c6 8.Qd2 Nbd7 9.d5
cxd5 10.cxd5 a6 11.g4 Ne8 12.Ng3 Bf6 13.h4 Bxh4 14.Qh2 Bxg3+ 15.Qxg3 f6
16.O-O-O Rf7 17.Rd2 b5 18.Rdh2 Qa5 19.Kb1 b4 20.Nd1 Nc5 21.Bd2 Qb6 22.Ne3 a5
23.g5 Ba6 24.gxf6 Nxf6 25.Nf5 Kf8 26.Rxh7 Nxh7 27.Qxg6 Bxf1 28.Bh6+ Ke8
29.Nxd6+ Qxd6 30.Qxd6 Bd3+ 31.Ka1 Nd7 32.Qe6+ Re7 33.Qg6+ Rf7 34.Bg7 Ndf6 {#r}
1-0

[Event "Ch Italy"]
[Site "masterchessopen.com Chianciano Terme (Italy)"]
[Round "1"]
[White "Tirabassi Maurizio (ITA)"]
[Black "Bellia Fabrizio (ITA)"]
[Result "0-1"]
[WhiteElo "2306"]
[BlackElo "2420"]

1.d4 Nf6 2.c4 g6 3.Nc3 Bg7 4.e4 d6 5.f3 e5 6.Nge2 c6 7.Be3 O-O 8.Qd2 Nbd7 9.d5
cxd5 10.cxd5 Ne8 11.Nc1 f5 12.exf5 gxf5 13.Be2 Nef6 14.O-O a6 15.a4 b6 16.a5
b5 17.Nd3 Bb7 18.Nb4 Nc5 19.Ra3 Rc8 20.Rd1 Qd7 21.Nc2 Qf7 22.Nb4 Kh8 23.Kh1
Qg6 24.Rf1 Nh5 25.Bd1 f4 26.Bf2 Ng3+ 27.Bxg3 fxg3 28.Bc2 Qh5 29.h3 Qh4 30.Ne4
Nxe4 31.Bxe4 Qxe4 {#R} 0-1

[Event "Memorial Dreszer"]
[Site "masterchessopen.com Gdynia (Poland)"]
[Round "3"]
[White "Xu Jun (CHN)"]
[Black "Jurkiewicz Krzysztof (POL)"]
[Result "1-0"]
[WhiteElo "2440"]
[BlackElo "2120"]

1.d4 Nf6 2.c4 g6 3.Nc3 Bg7 4.e4 d6 5.f3 O-O 6.Be3 e5 7.Nge2 c6 8.Qd2 Nbd7 9.d5
cxd5 10.cxd5 a5 11.Nc1 Ne8 12.Nd3 f5 13.Be2 Ndf6 14.O-O Bd7 15.Rab1 b5 16.b4
a4 17.a3 Rf7 18.Rbc1 Bf8 19.exf5 gxf5 20.f4 e4 21.Nf2 Qb8 22.Rc2 Qb7 23.Qd4
Bg7 24.Qb6 Qxb6 25.Bxb6 Rc8 26.Rd1 Rxc3 27.Rxc3 Nxd5 28.Rxd5 Bxc3 29.Nd1 Bg7
30.Rd2 Bf8 31.Nc3 Nf6 32.Nxb5 Bxb5 33.Bxb5 Rb7 34.Bc4+ Kg7 35.Bd4 Kg6 36.Rc2
Rb8 37.Kf1 d5 38.Ba6 Bxb4 39.axb4 Rxb4 40.Bc5 Rb3 41.Ra2 e3 42.Rxa4 Ne4 43.Bd4
Rb1+ 44.Ke2 Rg1 45.Bc8 Rxg2+ 46.Kxe3 Rxh2 47.Ra6+ Kf7 48.Bxf5 Ng3 49.Be6+ Ke8
50.Bf6 {#r} 1-0

[Event "?"]
[Site "masterchessopen.com Belgrade (Yugoslavia)"]
[Round "0"]
[White "Vuruna Miodrag (SRB)"]
[Black "Apicella Manuel (FRA)"]
[Result "0-1"]
[WhiteElo "2320"]
[BlackElo "2370"]

1.d4 Nf6 2.c4 g6 3.Nc3 Bg7 4.e4 d6 5.f3 O-O 6.Be3 e5 7.Nge2 c6 8.Qd2 Nbd7 9.d5
cxd5 10.cxd5 Ne8 11.g4 f5 12.gxf5 gxf5 13.O-O-O f4 14.Bf2 Ndf6 15.Kb1 Bd7
16.Nc1 Nc7 17.Nb3 b6 18.Rc1 Qe7 19.Na1 Rfb8 20.Nc2 a5 21.Ne1 Nfe8 22.h4 b5
23.h5 b4 24.Nd1 Nb5 25.Ng2 Qf7 26.h6 Bf6 27.Nh4 Rc8 28.Rxc8 Rxc8 29.Bh3 Bxh3
30.Rxh3 Qb7 31.Be1 Nd4 32.Qd3 Nc7 33.a4 bxa3 34.Qxa3 Ncb5 35.Qd3 a4 36.Rh2 Qa6
37.Rd2 Nb3 38.Rg2+ Kf7 39.Rc2 Na3+ 40.Ka2 Qxd3 41.Rxc8 Qxd1 42.Kxa3 Qa1+
43.Kb4 Qxe1+ 44.Kxa4 Nc5+ {#R} 0-1

[Event "It (open)"]
[Site "masterchessopen.com Cannes (France)"]
[Round "0"]
[White "Falchetta Giovanni (ITA)"]
[Black "Troffiguer Olivier (FRA)"]
[Result "1-0"]
[WhiteElo "2202"]
[BlackElo "2133"]

1.d4 Nf6 2.c4 g6 3.Nc3 Bg7 4.e4 d6 5.f3 O-O 6.Be3 e5 7.Nge2 c6 8.Qd2 Nbd7 9.d5
cxd5 10.cxd5 Nb6 11.Nc1 Bd7 12.Nb3 Rc8 13.g4 h5 14.h3 Kh7 15.Bg5 Nc4 16.Bxc4
Rxc4 17.gxh5 gxh5 18.O-O-O a5 19.Kb1 a4 20.Nc1 Qa5 21.a3 Rfc8 22.N1a2 Bb5
23.Qf2 Rd4 24.Qh4 Ne8 25.Qxh5+ Kg8 26.Qg4 Rxc3 27.Nxc3 Rd3 28.Rc1 Ba6 29.Qc8
Kf8 30.Qd7 f6 31.Bh4 Bh6 32.Rhg1 b5 {#r} 1-0

[Event "Ch Netherlands (open) (juniors) (under 20)"]
[Site "masterchessopen.com Netherlands"]
[Round "2"]
[White "Van Gisbergen Stan (NED)"]
[Black "Roobol Martin (NED)"]
[Result "1-0"]
[WhiteElo "2319"]
[BlackElo "2325"]

1.d4 Nf6 2.c4 g6 3.Nc3 Bg7 4.e4 d6 5.f3 O-O 6.Be3 e5 7.Nge2 c6 8.Qd2 Nbd7 9.d5
cxd5 10.Nxd5 Nxd5 11.Qxd5 Nb6 12.Qb5 Be6 13.Nc3 f5 14.Be2 Rc8 15.b3 Nd7 16.Rd1
Nc5 17.O-O a5 18.Bxc5 Rxc5 19.Qxb7 Rf7 20.Qa6 Bf8 21.Na4 Rc8 22.Qb6 Qxb6+
23.Nxb6 Rb8 24.Na4 Rd7 25.Bd3 Bh6 26.Rfe1 f4 27.c5 Bf8 28.c6 Rc7 29.Rc1 Rb4
30.Rc3 Kf7 31.Rec1 d5 32.exd5 Bxd5 33.Bc4 Bxc4 34.Rxc4 Rxc4 35.Rxc4 Ke6 36.Nc3
h5 37.Kf2 Rc8 38.Ke2 Kd6 39.Nb5+ Kd5 40.c7 Bc5 41.Nc3+ {#r} 1-0

[Event "Ch Yugoslavia"]
[Site "masterchessopen.com Kladovo (Yugoslavia)"]
[Round "6"]
[White "Raicevic Vladimir (SRB)"]
[Black "Sale Srdjan (CRO)"]
[Result "1-0"]
[WhiteElo "2089"]
[BlackElo "2386"]

1.d4 Nf6 2.c4 g6 3.Nc3 Bg7 4.e4 d6 5.f3 O-O 6.Be3 e5 7.Nge2 c6 8.Qd2 Nbd7 9.d5
cxd5 10.Nxd5 Nxd5 11.Qxd5 Nb6 12.Qb5 Bh6 13.Bf2 Be6 14.Nc3 Qg5 15.Rd1 Rfc8
16.b3 Rc6 17.h4 Qf4 18.Be2 Rac8 19.Qa5 Ra8 20.O-O Qf6 21.Nb5 Nc8 22.a4 Qe7
23.Qe1 a6 24.Nc3 Qd8 25.Na2 Qe7 26.Nb4 Rc7 27.a5 f5 28.Nd5 Bxd5 29.Rxd5 Na7
30.exf5 gxf5 31.c5 Rxc5 32.Bxc5 dxc5 33.Rxe5 Be3+ 34.Rxe3 Qxe3+ 35.Kh1 f4
36.Bc4+ Kg7 37.Qd1 Qd4 38.Re1 Nc6 39.Qc2 Rd8 40.Qf5 Qf6 41.Qg4+ Kh8 42.Re6
Qa1+ 43.Kh2 Rf8 44.Bd5 Nd4 45.Re7 Nf5 46.Qxf4 Qd4 47.Be4 Nxe7 48.Qxf8+ Ng8
49.Qf5 Nf6 50.Qc8+ Ng8 51.Qxb7 Qe5+ 52.g3 Nf6 53.Qxa6 Qb2+ 54.Kh3 Qa1 55.Bb1
{#r} 1-0

[Event "Ch Bayern"]
[Site "masterchessopen.com Bayern (Germany)"]
[Round "5"]
[White "Meier Thomas (GER)"]
[Black "Kraeussling Andreas (GER)"]
[Result "1-0"]
[WhiteElo "2224"]
[BlackElo "2266"]

1.d4 Nf6 2.c4 d6 3.Nc3 g6 4.e4 Bg7 5.f3 O-O 6.Be3 e5 7.Nge2 c6 8.Qd2 Nbd7 9.d5
cxd5 10.cxd5 a6 11.g4 h5 12.gxh5 Nxh5 13.Ng3 Nf4 14.h4 Nf6 15.Nce2 N4h5
16.Nxh5 Nxh5 17.O-O-O Bd7 18.Kb1 b5 19.Bh3 Rc8 20.Bxd7 Qxd7 21.Rdg1 Rc4 22.Bh6
Rfc8 23.Bxg7 Kxg7 24.Rc1 Qa7 25.b3 R4c5 26.Rxc5 Rxc5 27.Rg1 Qc7 28.Ng3 Nf4
29.h5 Rc3 30.hxg6 fxg6 31.Nf5+ Kg8 32.Nh4 Kg7 33.Qh2 Rd3 34.Nf5+ Kg8 35.Qh6
Rc3 36.Rh1 gxf5 37.Qh8+ {#r} 1-0

[Event "Ch Bulgaria (1/2 final)"]
[Site "masterchessopen.com Sofia (Bulgaria)"]
[Round "2"]
[White "Dimov Kiril (BUL)"]
[Black "Petrov Marijan (BUL)"]
[Result "1-0"]
[WhiteElo "2163"]
[BlackElo "2537"]

1.d4 Nf6 2.c4 g6 3.Nc3 Bg7 4.e4 d6 5.f3 O-O 6.Be3 e5 7.Nge2 c6 8.Qd2 Nbd7 9.d5
cxd5 10.cxd5 a5 11.Nb5 Nc5 12.Nec3 b6 13.Be2 Ne8 14.O-O f5 15.exf5 gxf5 16.f4
Nf6 17.fxe5 dxe5 18.d6 Kh8 19.Bxc5 bxc5 20.Qe3 Nd7 21.Nc7 Bb7 22.Nxa8 Qxa8
23.Qh3 Rf6 24.Bf3 e4 25.Bh5 Ne5 26.Rxf5 Rxd6 27.Qg3 Re6 28.Raf1 Ba6 {#r} 1-0

[Event "It (open)"]
[Site "masterchessopen.com Wisla (Poland)"]
[Round "0"]
[White "Oliwa Marek (POL)"]
[Black "Markowski Tomasz (POL)"]
[Result "0-1"]
[WhiteElo "2325"]
[BlackElo "2607"]

1.d4 Nf6 2.c4 g6 3.Nc3 Bg7 4.e4 O-O 5.Be3 d6 6.f3 e5 7.Nge2 c6 8.Qd2 Nbd7 9.d5
cxd5 10.cxd5 a6 11.g4 h5 12.h3 Nh7 13.O-O-O h4 14.g5 b5 15.Kb1 Nb6 16.b3 b4
17.Bxb6 Qxb6 18.Na4 Qf2 19.Rg1 a5 20.Bg2 Ba6 21.Rde1 Rac8 22.Nb2 Rc7 23.Nd1
Qb6 24.Bf1 Rfc8 25.Ne3 a4 26.Nc1 Rc3 27.Bxa6 Qxa6 28.Nc4 axb3 29.axb3 Ra8
30.Qb2 Rxf3 31.Rd1 Rxh3 32.Rd3 Rxd3 33.Nxd3 Bf8 34.Nxb4 Qa7 35.Rh1 Nxg5 36.Nc6
Qa6 37.Rxh4 Nf3 38.Rh3 Nd4 39.Nxd4 exd4 40.Rd3 Bg7 41.Kc2 Re8 42.Nd2 Bf6
43.Qb1 Qa7 44.Kd1 Kg7 45.Rh3 Qd7 46.Qd3 Qg4+ 47.Kc2 Qg2 48.Kb1 Qg1+ 49.Kb2 Rc8
50.Nc4 Bg5 51.Qc2 Ra8 52.Na3 Be3 {#R} 0-1

[Event "It (b)"]
[Site "masterchessopen.com Altensteig (Germany)"]
[Round "0"]
[White "Meissner Bernd-Guenther (GER)"]
[Black "Touzane Olivier (FRA)"]
[Result "1-0"]
[WhiteElo "2285"]
[BlackElo "2330"]

1.d4 Nf6 2.c4 g6 3.Nc3 Bg7 4.e4 d6 5.f3 O-O 6.Nge2 e5 7.Be3 c6 8.Qd2 Nbd7 9.d5
cxd5 10.cxd5 a6 11.g4 b5 12.Ng3 b4 13.Na4 Qa5 14.b3 Nc5 15.Nxc5 dxc5 16.Rc1
Nd7 17.a4 Bb7 18.h4 Rac8 19.h5 f6 20.hxg6 hxg6 21.Bh6 Rf7 22.g5 fxg5 23.Bxg7
Rxg7 24.d6 Qd8 25.Bc4+ Rf7 26.Bxf7+ Kxf7 27.Rh7+ Kf6 28.Qh2 Bc6 29.Qh3 g4
30.Qxg4 {#r} 1-0

[Event "It"]
[Site "masterchessopen.com Barcelona (Spain)"]
[Round "8"]
[White "Solozhenkin Evgeniy (RUS)"]
[Black "Pablo Marin Alejandro (ESP)"]
[Result "1-0"]
[WhiteElo "2489"]
[BlackElo "2392"]

1.d4 Nf6 2.c4 g6 3.Nc3 Bg7 4.e4 d6 5.f3 O-O 6.Be3 e5 7.Nge2 c6 8.Qd2 Nbd7 9.d5
cxd5 10.cxd5 Nh5 11.Nb5 Nc5 12.Rc1 b6 13.b4 Nb7 14.Nc7 Rb8 15.Na6 Ra8 16.Nc7
Rb8 17.Na6 Ra8 18.Nc3 Bd7 19.Bb5 Rc8 20.a4 f5 21.Bc6 fxe4 22.Nxe4 Nf4 23.O-O
g5 24.Bxf4 exf4 25.Bxb7 Rxc1 26.Rxc1 g4 27.Nc7 Qe7 28.Ba6 gxf3 29.gxf3 Kh8
30.Ne6 Rg8 31.Kh1 Be5 32.Rc7 Qe8 33.N4g5 h6 34.Bb5 hxg5 35.Rxd7 Qh5 36.Qd1 Rc8
37.Bd3 Kg8 38.Bh7+ Kh8 39.Bf5 Kg8 40.Rh7 {#r} 1-0

[Event "It (open) \"]
[Site "masterchessopen.com Berlin (Germany)"]
[Round "0"]
[White "Fuhrmann Daniel (GER)"]
[Black "Van Den Doel Erik (NED)"]
[Result "0-1"]
[WhiteElo "2272"]
[BlackElo "2573"]

1.d4 Nf6 2.c4 g6 3.Nc3 Bg7 4.e4 d6 5.f3 O-O 6.Be3 e5 7.Nge2 c6 8.Qd2 Nbd7 9.d5
cxd5 10.cxd5 a6 11.Nc1 Nh5 12.Nd3 f5 13.Be2 Kh8 14.O-O f4 15.Bf2 g5 16.g4 fxg3
17.hxg3 Bh6 18.Kg2 Qe8 19.Be3 Qg6 20.Rh1 Ndf6 21.Raf1 Bd7 22.Bd1 Rac8 23.Rh2
Nf4+ 24.Kh1 N6h5 25.Rg1 Nxd3 26.Qxd3 Nf6 27.Kg2 Bg7 28.Rgh1 Kg8 29.g4 h6 30.a4
b5 31.axb5 Bxb5 32.Nxb5 axb5 33.Kg3 Rb8 34.Be2 Rfc8 35.Qb3 Rb7 36.Bd3 Kf7
37.Qa3 b4 38.Qa6 Rbc7 39.Qb5 Ke7 40.Kf2 Qe8 41.Qxb4 Rb8 42.Qd2 Nd7 43.b4 Qc8
44.Kg3 Qb7 45.Bxg5+ hxg5 46.Qxg5+ Kf7 47.Qf5+ Nf6 48.g5 Qc8 49.Qxc8 Rcxc8
50.gxf6 Kxf6 51.b5 Rc3 52.Bf1 Rg8 53.Rb2 Bh6+ 54.Kf2 Be3+ 55.Ke2 Bd4 56.Rb4
Ra8 57.Rb1 Ra2+ 58.Kd1 Rcc2 59.Bh3 Rd2+ 60.Ke1 Re2+ 61.Kf1 Rf2+ 62.Ke1 Bc3+
63.Kd1 Rfd2+ {#R} 0-1

[Event "Ch World (team)"]
[Site "masterchessopen.com Lucerne (Switzerland)"]
[Round "3"]
[White "Christiansen Larry M (USA)"]
[Black "Nadyrhanov Sergey (RUS)"]
[Result "1-0"]
[WhiteElo "2555"]
[BlackElo "2460"]

1.d4 Nf6 2.c4 g6 3.Nc3 Bg7 4.e4 d6 5.f3 O-O 6.Be3 e5 7.Nge2 c6 8.Qd2 Nbd7 9.d5
cxd5 10.cxd5 a6 11.Nc1 Nh5 12.Nb3 f5 13.O-O-O b5 14.exf5 gxf5 15.Kb1 Ndf6
16.Rc1 Bd7 17.a3 Kh8 18.Be2 Ng8 19.g3 Nhf6 20.Rhe1 Ne7 21.f4 Ng6 22.h4 a5
23.Nxb5 Ne4 24.Qd1 a4 25.h5 Ne7 26.h6 Bf6 27.Nd2 Nxd5 28.Bg1 Nxg3 29.Bc4 Bxb5
30.Bxd5 Bd3+ 31.Ka2 e4 32.Rc3 Ra5 33.Rxd3 exd3 34.Qf3 Ne4 35.Qxd3 Nxd2 36.Qxd2
Qb8 37.Bd4 Rxd5 38.Bxf6+ Rxf6 39.Qxd5 Rxh6 40.Qd4+ Kg8 41.Qxa4 Kf8 42.Qd7 {#r}
1-0

[Event "Ch France"]
[Site "masterchessopen.com Nantes (France)"]
[Round "14"]
[White "Hauchard Arnaud (FRA)"]
[Black "Etchegaray Patrice (FRA)"]
[Result "1-0"]
[WhiteElo "2450"]
[BlackElo "2410"]

1.d4 Nf6 2.c4 g6 3.Nc3 Bg7 4.e4 d6 5.f3 O-O 6.Be3 e5 7.Nge2 c6 8.Qd2 Nbd7 9.d5
cxd5 10.cxd5 Ne8 11.g4 a6 12.Ng3 b5 13.Bd3 Nb6 14.Rc1 Bd7 15.b3 b4 16.Nd1 a5
17.h4 Rb8 18.h5 f6 19.a4 Nc7 20.Nb2 Nca8 21.Kf1 Qe7 22.Kg2 Rfc8 23.Rxc8+ Rxc8
24.Rc1 Qd8 25.Rc2 Bf8 26.Qc1 Rxc2+ 27.Qxc2 Qc8 28.Qxc8 Bxc8 29.Bb5 Be7 30.hxg6
hxg6 31.Nf1 Kf7 32.Nd2 Bd8 33.Ndc4 Nxc4 34.Nxc4 Ke7 35.Bc6 Nc7 36.Bb6 Na6
37.Bxa5 Bxa5 38.Nxa5 Nc5 39.Bb5 Kd8 40.Bc4 Kc7 41.Nc6 Ba6 42.Bxa6 Nxa6 43.g5
fxg5 44.Kg3 Nc5 45.Nxb4 Nxb3 46.Nc6 Kb6 47.Kg4 Nd2 48.Nd8 Nc4 49.Kxg5 Nd2
50.Kg4 Nc4 51.Nc6 Nd2 52.Ne7 Ka5 53.Nxg6 Kxa4 54.Nxe5 {#r} 1-0

[Event "It (open)"]
[Site "masterchessopen.com Nis (Yugoslavia)"]
[Round "0"]
[White "Sinadinovic Andjelko (SRB)"]
[Black "Stevanovic Vladan S (SRB)"]
[Result "1-0"]
[WhiteElo "2258"]
[BlackElo "2263"]

1.d4 Nf6 2.c4 g6 3.Nc3 Bg7 4.e4 d6 5.f3 O-O 6.Be3 e5 7.Nge2 c6 8.Qd2 Nbd7 9.d5
cxd5 10.cxd5 a6 11.g4 h5 12.h3 Nh7 13.O-O-O h4 14.Kb1 b5 15.Nc1 Nb6 16.b4 Nc4
17.Bxc4 bxc4 18.a4 Bd7 19.N1a2 Bf6 20.Qe2 Qe8 21.Qc2 Bg5 22.Bf2 Qe7 23.Ka1 f5
24.exf5 gxf5 25.Qe2 Rae8 26.Be3 Bf6 27.gxf5 e4 28.Bd4 exf3 29.Qxf3 Bxf5
30.Rhg1+ Kh8 31.Qh5 Bc2 32.Rd2 Bxd4 33.Rxd4 Qe3 34.Rdg4 Rf2 35.Rxc4 Bb3 36.Qg4
Qe1+ 37.Nc1 Ra2+ 38.Nxa2 Qe5+ 39.Rc3 {#r} 1-0

[Event "Ch Romania (team)"]
[Site "masterchessopen.com Romania"]
[Round "0"]
[White "Atalik Suat (BIH)"]
[Black "Hristodorescu Daniel (ROM)"]
[Result "1-0"]
[WhiteElo "2535"]
[BlackElo "2209"]

1.d4 Nf6 2.c4 g6 3.Nc3 Bg7 4.e4 d6 5.f3 O-O 6.Be3 e5 7.Nge2 c6 8.Qd2 Nbd7 9.d5
cxd5 10.Nxd5 Nxd5 11.Qxd5 Nf6 12.Qd2 Be6 13.Nc3 a6 14.Rd1 Rc8 15.Qxd6 Qxd6
16.Rxd6 Bxc4 17.Rb6 Bxf1 18.Rxf1 Rc7 19.Rf2 Nd7 20.Rd6 Nb8 21.Nd5 Rd7 22.Rxd7
Nxd7 23.Rc2 Nb8 24.Ne7+ Kh8 25.Rc7 Bf6 26.Nd5 Kg7 27.Rxb7 Rc8 28.Bd2 Bd8
29.Bc3 Nc6 30.f4 Ba5 31.b4 Bd8 32.fxe5 {#r} 1-0

[Event "It (open)"]
[Site "masterchessopen.com Santomera (Spain)"]
[Round "0"]
[White "Del Pozo Martinez Agustin (ESP)"]
[Black "Martinez Galan Jose (ESP)"]
[Result "1-0"]
[WhiteElo "1992"]
[BlackElo "2109"]

1.d4 Nf6 2.c4 g6 3.Nc3 Bg7 4.e4 d6 5.f3 O-O 6.Be3 e5 7.Nge2 c6 8.Qd2 Nbd7 9.d5
cxd5 10.cxd5 Nh5 11.f4 Nxf4 12.Nxf4 exf4 13.Bxf4 Ne5 14.Be2 Bd7 15.O-O-O Rc8
16.Kb1 Qb6 17.Be3 Qa5 18.Bh6 Nc4 19.Bxc4 Rxc4 20.Bxg7 Kxg7 21.Ne2 Qa6 22.Rc1
Ra4 23.Nc3 Rb4 24.Rc2 Qb6 25.h4 h6 26.Qf2 Qa5 27.Rhc1 Rc8 28.a3 Qxa3 29.Na2
Rxc2 30.Rxc2 Rb5 31.Qd4+ Kg8 32.Rc7 Qa5 33.Rxd7 Qb6 34.Qf6 {#r} 1-0

[Event "Slovak League 1993/94"]
[Site "masterchessopen.com Slovakia"]
[Round "1"]
[White "Novacek Vladimir (SVK)"]
[Black "Sorsak Jozef Sr (SVK)"]
[Result "1-0"]
[WhiteElo "2046"]
[BlackElo "2125"]

1.d4 Nf6 2.c4 g6 3.Nc3 Bg7 4.e4 d6 5.f3 O-O 6.Be3 e5 7.Nge2 c6 8.Qd2 Nbd7 9.d5
cxd5 10.cxd5 a6 11.g4 h5 12.h3 Nh7 13.O-O-O h4 14.Kb1 g5 15.Nc1 Bf6 16.Nd3 Re8
17.Rc1 Nhf8 18.Nd1 Be7 19.Bg1 a5 20.Ne3 Nb8 21.Ne1 Ng6 22.Bb5 Bd7 23.Bxd7 Nxd7
24.Nf5 Bf8 25.Be3 f6 26.Ng2 b6 27.Rc6 Nc5 28.Rc1 Qb8 29.Bxg5 fxg5 30.Qxg5 Kf7
31.Qh5 Be7 32.Qh7+ Kf6 33.Ngxh4 Rg8 34.Nxg6 {#r} 1-0

[Event "Ch Spain"]
[Site "masterchessopen.com Spain"]
[Round "0"]
[White "Jose Abril Ramon (ESP)"]
[Black "Paramos Dominguez Roberto (ESP)"]
[Result "0-1"]
[WhiteElo "2355"]
[BlackElo "2375"]

1.d4 Nf6 2.c4 g6 3.Nc3 Bg7 4.e4 d6 5.f3 O-O 6.Be3 e5 7.Nge2 c6 8.Qd2 Nbd7 9.d5
cxd5 10.cxd5 a6 11.g4 h5 12.g5 Nh7 13.Rg1 b5 14.Nc1 Nb6 15.b3 Bd7 16.a3 f6
17.gxf6 Rxf6 18.Qf2 Rb8 19.N1a2 a5 20.Rc1 Nc8 21.Nb1 Ne7 22.Be2 Kh8 23.Kd2 Ng8
24.Rc2 Bh6 25.Bxh6 Nxh6 26.Qe3 g5 27.Rgc1 g4 28.Rc7 gxf3 29.Bxf3 Ng4 30.Bxg4
hxg4 31.Ra7 Rf3 32.Qg1 Nf6 33.Qe1 Kg7 34.Rcc7 Rc8 35.Rxc8 Qxc8 36.Qh4 Kg6
37.Nbc3 b4 38.axb4 axb4 39.Nxb4 Qxc3+ {#R} 0-1

[Event "Ch Germany"]
[Site "masterchessopen.com Binz (Germany)"]
[Round "1"]
[White "Bischoff Klaus (GER)"]
[Black "Von Buelow Georg (GER)"]
[Result "1-0"]
[WhiteElo "2525"]
[BlackElo "2355"]

1.c4 g6 2.Nc3 Bg7 3.d4 Nf6 4.e4 d6 5.f3 O-O 6.Be3 e5 7.Nge2 c6 8.Qd2 Nbd7 9.d5
cxd5 10.cxd5 a6 11.g4 h5 12.g5 Nh7 13.Rg1 f6 14.gxf6 Rxf6 15.Bg2 Rf7 16.O-O-O
b5 17.Rdf1 Nhf8 18.Kb1 Nc5 19.Nd1 a5 20.Nf2 b4 21.Nc1 Ba6 22.Ncd3 Kh7 23.Nxc5
dxc5 24.Nh3 Bf6 25.Rd1 c4 26.Bf1 Rc8 27.Qg2 Qd6 28.f4 c3 29.fxe5 Bxf1 30.Rdxf1
Qxe5 31.Ng5+ Kg8 32.Nxf7 Kxf7 33.Bf4 Qd4 34.e5 Qd3+ 35.Qc2 {#r} 1-0